000 00498nam a2200205 4500
003 mut
005 20240606081535.0
008 220214b
020 _a0774715197
040 _cMUT
050 _aPE 1121
_b.H38 2002
100 _aHarper, Sue
245 _aElements of English 12
260 _aToronto
_bHarcourt
_cc2002
650 _aReaders (Secondary)
650 _aEnglish language
_vProblems, exercises, etc
700 _aHilker, Douglas
700 _aSmith, Peter J.
942 _2lcc
_cBK
999 _c21272
_d21272